00610 a2200145 4500003000500000005001700005040000900022082001200031100002200043245004800065260003600113300001000149505028300159650002200442Nust20230504131704.0 cNust a973,THE aBrooks.M, Emerson aThe Growth of A Nation / cEmerson M Brooks aNew YorkbE.P.Dutton & Coc1956 a320:p aAuthor s Foreword (Page-11), In the Long Ago (Page-19), The First Hundred Years 1500-1600 (Page-31), The Second Hundred Years 1600-1700 (Page-37), The Third Hundred Years 1700-1800 (Page-63), The Fourth Hundred Years 1800-1900 (Page-89), The Fifth Hundred Years 1900 (Page-227). a American History